Krok do likvidaciji

Bibliographic Details
Main Author: Bača, Juraj, 1932-2021 (Author)
Format: Article
Language:Ukrainian
Subjects:

MARC

LEADER 00000nab a2200000 a 4500
001 vtls000695701
003 SK-MaSNL
005 20260318124618.0
008 160401c1999 xo 0 ukr
015 |a SNBRA1999/06-17471 
035 |a CLN000047868 
040 |a SNKBUCL  |b slo  |c SNKBUCL  |e AACR2 
041 0 |a ukr 
044 |a xo  |c SK 
080 |a 323.15(437.6=87=83):323  |2 1997 
080 |a 323  |2 1997 
100 1 |a Bača, Juraj,  |d 1932-2021  |4 aut  |9 207872 
245 1 0 |a Krok do likvidaciji  |c Jurij Bača 
650 0 7 |a Rusíni  |z Slovensko  |2 snkbucl  |9 336690 
650 0 7 |a Ukrajinci  |z Slovensko  |2 snkbucl  |9 348197 
650 0 7 |a národnostná politika  |z Slovensko  |2 snkbucl  |9 846338 
655 7 |a články z novín a časopisov  |2 snkbucl  |9 267496 
773 0 |t Nove žyttja  |g Roč. 49, č. 21-22 (1999), s. 3 
850 |a Slovenská národná knižnica v Martine 
852 |a SNK  |b KIS3GCP 
958 |a UK 
958 |a SK 
958 |a RN 
958 |a RBX 
999 |c 2558043  |d 2559973